01399nam a2200301 a 450000100060000000300080000600500170001400800410003102000260007203500200009804000270011804100080014508200220015324501080017526000330028330000350031650002390035150400320059065000210062270000430064370000400068671000990072671000780082585600240090394200120092799900170093995201410095668058BD-RjUL20211209081727.0170330s1973 enkab b 101 0 eng d a0387060049 (New York) a(BD-RjUL) 68267 aDLCcDLCdBD-RjULbeng aeng00a570223bBIO 197304aThe Biology of the Indian Ocean /cEdited by Bernt Zeitzschel in cooperation with Sebastian A. Gerlach. aNew York :bSpringer,c1973. axiii, 549 p. :bill. ;c25 cm. aProceedings of a symposium held at the University of Kiel, Germany, from 31 March to 6 April, 1971, organized by the Scientific Committee on Oceanic Research and the Marine Productivity section of the International Biological Program. aBibliography: p. [521]-544. 0a Biology92017481 aZeitzschel, Bernt,d1937-eed.92017491 aGerlach, Sebastian A.,eed.92017502 aInternational Council of Scientific Unions.bScientific Committee on Oceanic Research.92017512 aInternational Biological Programme.bMarine Productivity Section.9201752 3Ecological studies, 2ddccBK c68058d68058 00102ddc40718NFICaRUCLbRUCLcReadingd2021-12-09eTappan & Tulipg71.70l0o570 BIO 1973r2017-03-30 00:00:00tC-1w2017-03-30yBK